Η διαλεκτική
Αποθηκεύτηκε σε:
| Κύριος συγγραφέας: | |
|---|---|
| Μορφή: | Βιβλίο |
| Γλώσσα: | Greek |
| Δημοσίευση: |
Αθήναι :
Ζαχαρόπουλος,
[19--]
|
| Σειρά: | Τί ξέρω; = Que sais-je? (Ι. Ζαχαρόπουλος)
|
| Θέματα: | |
| Ετικέτες: |
Προσθήκη ετικέτας
Δεν υπάρχουν, Καταχωρήστε ετικέτα πρώτοι!
|
MARC
| LEADER | 00000cam a2200000 i 4500 | ||
|---|---|---|---|
| 001 | 1/23225 | ||
| 008 | 960227q19501989 gre d | ||
| 035 | |a 1988 |b 2 |c Δωρεά |l 10036786 | ||
| 040 | |a GR-MY-UA |b gre |e aacr | ||
| 041 | 0 | |a gre | |
| 082 | 0 | |a 146.32 | |
| 100 | 1 | |a Foulquie, Paul, |d 1893-1983. | |
| 245 | 1 | 2 | |a Η διαλεκτική / |c Paul Foulquie ; μετάφρασις Μαρίας Φωτεινού |
| 260 | |a Αθήναι : |b Ζαχαρόπουλος, |c [19--] | ||
| 300 | |a 110 σ. | ||
| 490 | 1 | |a (Τι ξέρω; = |a que sais-je? ; |v 25) | |
| 650 | 0 | 0 | |a Dialectical materialism. |
| 830 | 0 | |a Τί ξέρω; = Que sais-je? (Ι. Ζαχαρόπουλος) | |
| 852 | |a INST |b RHODES |e 19960227 |h 146.32 FOU |p 005400003636 |q 005400003636 |t BK |y 0 | ||
| 909 | |a Ρ |b 014870 |c 1988 | ||